Più grandi città delle Marche - Statistics

Statistiche generali
  • Questo quiz è stato fatto 266 volte
  • Il punteggio medio è 8 su 10
Statistiche sulle risposte
Popolazione Città % Corretto
100.861 ⭐️ Ancona
98%
94.582 ⭐️ Pesaro
95%
42.473 ⭐️ Macerata
92%
49.407 ⭐️ Ascoli Piceno
90%
37.655 ⭐️ Fermo
90%
60.888 Fano
78%
47.303 San Benedetto del Tronto
70%
45.027 Senigallia
66%
40.399 Jesi
58%
41.983 Civitanova Marche
52%
Nessun quiz corrispondente trovato
Distribuzione punteggi
Percentuale di utenti per punteggio
Percentile per numero di risposta
I tuoi punteggi nel tempo
Non hai fatto questo quiz